| 000 -CABECERA |
| fixed length control field |
01233nam a22002297a 4500 |
| 003 - IDENTIFICADOR DEL NÚMERO DE CONTROL |
| control field |
AR-CdUCM |
| 008 - DATOS DE LONGITUD FIJA--INFORMACIÓN GENERAL |
| fixed length control field |
190429b ||||| |||| 00| 0 spa d |
| 040 ## - FUENTE DE LA CATALOGACIÓN |
| Agencia/entidad que catalogó originalmente la obra |
MUNICIPALIDAD PROVINCIAL DEL CUSCO |
| Entidad que transcribió la catalogación |
BIBLIOTECA MUNICIPAL DEL CUSCO |
| 082 ## - NÚMERO DE LA CLASIFICACIÓN DECIMAL DEWEY |
| No. de Clasificación |
ClubCusco/N°1/1994 |
| 110 ## - ENTRADA PRINCIPAL--NOMBRE DE ENTIDAD CORPORATIVA |
| Nombre de la institución, jurisdicción como entrada principal |
Club Cusco |
| 9 (RLIN) |
47913 |
| 245 ## - MENCIÓN DE TÍTULO |
| Título |
Club Cusco : |
| Resto del título |
revista institucional / |
| Mención de responsabilidad |
Club Departamental Cusco |
| 260 ## - PUBLICACIÓN, DISTRIBUCIÓN, ETC. |
| Lugar de publicación, distribución, etc. |
Lima. |
| Nombre de la editorial, distribuidor, etc. |
Navarrete, |
| Fecha de publicación, distribución, etc. |
1994. |
| 300 ## - DESCRIPCIÓN FÍSICA |
| Nº de Páginas Extensión |
112 páginas. : |
| Otros detalles físicos |
ilustraciones en color ; |
| Dimensiones |
27 cm. |
| 440 ## - MENCIÓN DE SERIE/PUNTO DE ACCESO ADICIONAL--TÍTULO |
| Título |
Club Cusco. |
| Número de la parte/sección de una obra |
N°1, 1994. |
| 9 (RLIN) |
47914 |
| 505 ## - NOTA DE CONTENIDO CON FORMATO |
| Nota de contenido formateada |
Contenido: Festejos por los 50 años de su aniversario institucional. -- El Inti Raimy o fiesta del Sol. -- Danzas folclóricas cusqueñas. --- Santoranticuy bella muestra del arte popular. -- Culinaria cusqueña. -- Arqueología del Manu. -- Incanidad indianidad. -- José Gabriel Condorcanqui. -- Micaela Bastidas. -- Diego Quispe Titu Inga. -- Trinidad Enríquez. -- José Uriel García Ochoa. -- Humberto Vidal Unda. -- Atilio Sivirichi Tapia. -- Uriel García Cáceres. -- Luis Navarrete Lechuga. ... |
| 650 ## - PUNTO DE ACCESO ADICIONAL DE MATERIA--TÉRMINO DE MATERIA |
| Descriptor |
Historia del Cusco |
| 9 (RLIN) |
1714 |
| 650 ## - PUNTO DE ACCESO ADICIONAL DE MATERIA--TÉRMINO DE MATERIA |
| Descriptor |
Historia institucional |
| 9 (RLIN) |
47480 |
| 650 ## - PUNTO DE ACCESO ADICIONAL DE MATERIA--TÉRMINO DE MATERIA |
| Descriptor |
Turismo |
| 9 (RLIN) |
47915 |
| 650 ## - PUNTO DE ACCESO ADICIONAL DE MATERIA--TÉRMINO DE MATERIA |
| Descriptor |
Folklore |
| 9 (RLIN) |
47916 |
| 942 ## - ELEMENTOS DE PUNTO DE ACCESO ADICIONAL (KOHA) |
| Fuente de clasificación |
|
| Tipo de item |
Revistas cusqueñas |
| 945 ## - PROCESAMIENTO DE INFORMACIÓN LOCAL (OCLC) |
| Catalogador |
rac |